Rihanna's UK Singles Chart History - Statistics

General Stats
  • This quiz has been taken 34 times
    19 since last reset
  • The average score is 44 of 66
Answer Stats
Peak Position Song Weeks On Chart Debut Date % Correct
#1 Diamonds 50 Oct 13th 2012
100%
#3 Disturbia 36 Jun 14th 2008
100%
#2 Pon De Replay 26 Sep 3rd 2005
100%
#2 Rude Boy 36 Jan 30th 2010
100%
#1 Umbrella 71 May 26th 2007
100%
#1 We Found Love 63 Oct 15th 2011
100%
#2 Work 42 Feb 4th 2016
100%
#38 Needed Me 31 Feb 18th 2016
94%
#1 Only Girl (In The World) 46 Nov 6th 2010
94%
#4 Don't Stop The Music 38 Dec 15th 2007
88%
#5 Shut Up And Drive 31 Jul 28th 2007
88%
#3 S&M 40 Nov 27th 2010
88%
#2 SOS 13 Apr 22nd 2006
88%
#1 Take A Bow 27 May 24th 2008
88%
#1 The Monster 25 Nov 9th 2013
88%
#8 California King Bed 17 May 21st 2011
82%
#46 Kiss It Better 13 Apr 14th 2016
82%
#2 Russian Roulette 22 Dec 5th 2009
82%
#4 Stay 31 Dec 22nd 2012
82%
#2 Unfaithful 30 Jul 22nd 2006
82%
#1 What's My Name 31 Nov 27th 2010
82%
#6 Who's That Chick 36 Dec 11th 2010
82%
#27 Bitch Better Have My Money 23 Apr 4th 2015
76%
#19 Breakin' Dishes 11 Sep 4th 2025
76%
#3 FourFiveSeconds 28 Feb 7th 2015
76%
#2 Love The Way You Lie 59 Jul 3rd 2010
76%
#54 Man Down 11 Jun 18th 2011
76%
#1 Run This Town 15 Sep 12th 2009
76%
#2 This Is What You Came For 47 May 12th 2016
76%
#6 Where Have You Been 26 Dec 3rd 2011
76%
#1 Wild Thoughts 25 Jun 29th 2017
76%
#15 Cheers (Drink To That) 13 Sep 3rd 2011
71%
#15 Hate That I Love You 20 Oct 20th 2007
71%
#28 If I Never See Your Face Again 11 Jun 14th 2008
71%
#43 Pour It Up 8 Apr 20th 2013
71%
#14 Te Amo 22 Apr 24th 2010
71%
#42 Hard 10 Jan 23rd 2010
65%
#3 Lift Me Up 13 Nov 10th 2022
65%
#4 Princess Of China 27 Nov 5th 2011
65%
#16 Rehab 16 Nov 29th 2008
65%
#36 Right Now 3 Dec 1st 2012
65%
#9 Take Care 44 Nov 26th 2011
65%
#16 You Da One 17 Dec 3rd 2011
65%
#11 If It's Lovin' That You Want 10 Dec 10th 2005
59%
#31 Lemon 10 Nov 16th 2017
59%
#2 Live Your Life 27 Nov 15th 2008
59%
#25 Talk That Talk 11 Dec 3rd 2011
59%
#3 Too Good 43 May 12th 2016
59%
#11 Can't Remember To Forget You 14 Jan 25th 2014
53%
#71 American Oxygen 4 May 2nd 2015
47%
#88 Consideration 1 Mar 10th 2016
47%
#21 What Now 14 Nov 30th 2013
47%
#12 Believe It 12 Apr 9th 2020
41%
#16 Fly 17 Sep 10th 2011
41%
#17 We Ride 7 Oct 28th 2006
41%
#15 All Of The Lights 26 Feb 12th 2011
35%
#72 Friend Of Mine 1 May 29th 2025
35%
#27 LOYALTY. 11 Apr 27th 2017
35%
#69 Sledgehammer 3 Jul 7th 2016
35%
#45 Wait Your Turn 2 Dec 5th 2009
35%
#63 Nobody's Business 1 Dec 1st 2012
24%
#92 Numb 1 Dec 1st 2012
24%
#75 Half Of Me 1 Dec 1st 2012
18%
#64 Nothing Is Promised 1 Jun 16th 2016
18%
#41 Stranded (Haiti Mon Amour) 2 Feb 6th 2010
18%
#76 Towards The Sun 1 Mar 7th 2015
18%
No matching quizzes found
Score Distribution
Percent of People with Each Score
Percentile by Number Answered
Your Score History
You have not taken this quiz since the last reset